00327nam a22001097a 4500003000900000005001700009008004300026040002300069245002400092260007900116300002200195DO-SdBNP20171205090656.0171121b 1972 ||||| |||| 00| 0 spa d aBPMSUbspa cBPMSU00aManual sobre china. aTaiwan, República de China : bCompañia de Publicaciones China,c1972. a100 p. ;c18 cm.